000 00664nam a2200241Ia 4500
003 OSt
005 20220918181849.0
006 a|||||r|||| 00| 0
007 ta
008 220917b |||||||| |||| 00| 0 eng d
024 _a28,977
037 _cTextual
040 _aARTS
_cARTS
_beng
041 _2eng
_aeng
082 _aO111,3xL990mM43, M3
100 _aStowe William W
_959352
245 0 _aBalzac James and the realistic novel
260 _aPriceton
_bUniv Press
_c1983
300 _axiv,203p.
_ccm.
650 _aENGLISH LITERATURE
942 _hO111,3xL990mM43, M3
_cTEXL
_2CC
999 _c167071
_d167071